[Event "Vienna Chess Open 2019"]
[Site "Vienna"]
[Date "2019.08.18"]
[Round "3.9"]
[White "Paltrinieri, Nicholas"]
[Black "Handler, Lukas"]
[Result "1/2-1/2"]
[WhiteElo "2310"]
[BlackElo "2411"]
[Annotator "TA"]
[PlyCount "184"]
[EventDate "2019.08.17"]
[EventType "swiss"]
[EventCountry "AUT"]
[SourceTitle "playchess.com"]
[Source "ChessBase"]
[SourceQuality "1"]

{[%evp 9,184,-7,-8,-10,11,8,15,12,9,10,8,-11,-7,-10,-6,-9,-11,-37,-37,-38,-36,-29,-13,-44,-31,-48,-50,-44,-45,-35,-20,-83,-80,-95,-95,-95,-89,-98,-68,-68,-68,-85,-61,-79,-83,-89,-93,-88,-69,-54,-49,-61,-21,-30,-8,-17,19,19,43,-93,-118,-138,-122,-122,-122,-122,-131,-202,-50,-254,-92,-111,-71,-70,-41,-38,-33,-46,-17,-18,0,-20,-20,-55,-60,-60,-60,-61,-62,-62,0,0,0,0,0,0,0,0,0,0,0,0,0,0,0,0,0,0,0,0,0,0,0,0,0,-8,-8,-8,-8,-12,-8,-11,-11,-17,-8,-8,-8,-8,-8,-8,-8,-8,-8,-8,-8,-8,-8,-8,-8,-11,-11,-11,-8,-11,-11,-11,-11,-11,-11,-11,-11,-11,-12,-11,-12,-12,-12,-12,-8,-14,-8,-21,-12,-14,0,-8,-8,-8,-8,-8,0,-19,0,-8,0,-13,-11]} 1. d4 d5 2. Bf4 Nf6 3. Nc3 e6 4. Nb5 Na6 5. e3 c6 (5... Be7 6. Nf3 O-O 7. Bd3 c6 8. Nc3 Nb4 9. h3 Nxd3+ 10. cxd3 b6 11. O-O Bb7 {0-1 (40) Rapport,R (2731)-Giri,A (2783) Wijk aan Zee 2019}) 6. Nc3 {D00: 1 d4 d5: Unusual lines} Qb6 7. a3 c5 8. Be2 $146 ({Predecessor:} 8. Nf3 Bd7 9. Rb1 Bd6 10. Ne5 Nc7 11. Be2 O-O {0-1 (60) Darini,P (2511)-Volokitin,A (2649) Doha 2016}) 8... Bd7 9. Rb1 Be7 10. h3 O-O 11. Nf3 Rfd8 12. O-O Rac8 13. Ne5 Be8 14. Qd2 Nb8 15. Rfd1 a6 16. Bf3 Qa7 17. Rbc1 b5 18. Qe1 a5 19. Ne2 Ne4 20. g4 (20. c4 $11) 20... c4 $17 21. Bxe4 dxe4 22. g5 f6 23. gxf6 gxf6 24. Ng4 h5 25. Nh2 $1 Bg6 26. Kh1 Kf7 27. Bxb8 Qxb8 28. d5 Bd6 29. dxe6+ Kxe6 30. Nf1 Kf7 31. Qxa5 Bc7 $36 {[%mdl 2048] Black fights for an advantage.} 32. Qa6 h4 {White must now prevent ...Bh5.} 33. Qc6 Bf5 34. Rd5 {[#]} (34. Rxd8 $14 {stays ahead.} Rxd8 35. Nd4 Bxh3 36. Nd2 (36. Qxe4 Rg8 $11)) 34... Be5 $1 35. Qxb5 Bxh3 36. Qxb8 Rxb8 37. Rxd8 Rxd8 38. Nf4 {[#]} (38. Rb1 $17) 38... Bg4 $2 ({Don't do} 38... Bxb2 39. Rb1 $15) (38... Bxf1 $1 $19 39. Rxf1 Bxb2) 39. Nh2 $2 (39. c3 $15) 39... Bd1 $2 (39... Bxb2 $19 {and Black stays clearly on top.} 40. Rg1 Bc8) 40. c3 Rd2 41. Kg1 f5 {Hoping for ...Bb3.} (41... Be2 $5 42. Nxe2 Rxe2 $15) 42. Nf1 Rd8 43. a4 Bxa4 44. Ra1 Rg8+ 45. Kh2 Bc2 {Threatens to win with ...Bd3.} 46. Ra5 Kf6 47. Kh3 Bd3 $1 {[%cal Rd3f1]} 48. Nh2 Bxf4 $1 49. exf4 $15 {[%mdl 4096] Endgame KRB-KRN} e3 (49... Rg1 $15) 50. Ra6+ {The position is equal.} Ke7 51. fxe3 Rg3+ 52. Kxh4 Rxe3 53. Rb6 Be4 54. Nf1 Rf3 55. Nd2 Rxf4+ 56. Kg3 Rg4+ 57. Kf2 Rg2+ 58. Ke3 Bd3 {Strongly threatening ...Re2+.} 59. Nf3 Re2+ 60. Kd4 f4 61. Ne5 Be4 62. Kxc4 ({Reject} 62. Nxc4 f3 $17) 62... f3 63. Nxf3 $1 Bxf3 $11 {KRB-KR} 64. b3 Kd7 65. Rf6 Bg4 66. Kb4 Rb2 67. Rf4 Be6 68. c4 Rb1 69. Rh4 Bf5 70. Rf4 Bc2 71. Rf3 Kd6 72. Rc3 Be4 73. Rh3 Bf5 74. Rg3 Rh1 75. Rf3 Be4 76. Rg3 Rh8 77. Rg4 Ke5 78. Rg5+ Kd4 79. Rb5 Bc6 80. Rb6 Rc8 81. Ra6 $1 Rb8+ 82. Ka5 Be4 83. Rb6 $1 {[%cal Rb6b8]} Ra8+ 84. Kb4 Rd8 85. Rb5 Bc6 86. Rb6 Rc8 87. Ra6 $1 Ke5 88. Kc3 Kd6 89. Ra5 Rh8 90. Rg5 Kc7 91. Rg7+ Kb6 92. Rg6 Rh3+ {Accuracy: White = 59%, Black = 56%.} 1/2-1/2

[Event "Vienna Chess Open 2019"]
[Site "Vienna"]
[Date "2019.08.18"]
[Round "3.10"]
[White "Yankelevich, Lev"]
[Black "Tryggestad, Andreas Garberg"]
[Result "1-0"]
[WhiteElo "2480"]
[BlackElo "2343"]
[Annotator "ChessBase"]
[PlyCount "72"]
[EventDate "2019.08.17"]
[EventType "swiss"]
[EventCountry "AUT"]
[SourceTitle "playchess.com"]
[Source "ChessBase"]
[SourceQuality "1"]
[TimeControl "40/5400+30:1800+30"]

1. g3 {[%emt 0:00:00]} Nf6 {[%emt 0:02:13]} 2. Bg2 {[%emt 0:00:00]} d5 {[%emt 0:00:09]} 3. Nf3 {[%emt 0:00:46]} g6 {[%emt 0:00:04]} 4. b3 {[%emt 0:00:11]} Bg7 {[%emt 0:00:06]} 5. Bb2 {[%emt 0:00:03]} O-O {[%emt 0:00:05]} 6. O-O {[%emt 0:00:08]} c6 {[%emt 0:00:11]} 7. c4 {[%emt 0:01:01]} a5 {[%emt 0:00:04]} 8. d4 {[%emt 0:00:59]} Bf5 {[%emt 0:06:21]} 9. Nfd2 {[%emt 0:08:07]} a4 {[%emt 0:21:29]} 10. bxa4 {[%emt 0:00:02]} dxc4 {[%emt 0:02:59]} 11. Nxc4 {[%emt 0:01:22]} Be4 {[%emt 0:00:35]} 12. Qb3 {[%emt 0:20:03]} Bxg2 {[%emt 0:09:15]} 13. Kxg2 {[%emt 0:00:04]} Na6 {[%emt 0:00:10]} 14. Rd1 {[%emt 0:03:46]} Nd5 {[%emt 0:20:56]} 15. Nbd2 {[%emt 0:02:30]} Rb8 {[%emt 0:07:53]} 16. Nf3 {[%emt 0:00:39]} Qc7 {[%emt 0:02:35]} 17. Rac1 {[%emt 0:00:29]} Rfd8 {[%emt 0:03:36]} 18. Nce5 {[%emt 0:00:55]} e6 {[%emt 0:00:17]} 19. e4 {[%emt 0:04:36]} Nf6 {[%emt 0:00:05]} 20. Ng5 {[%emt 0:00:03]} Rf8 {[%emt 0:01:03]} 21. Ba3 {[%emt 0:00:05]} c5 {[%emt 0:00:05]} 22. Bxc5 {[%emt 0:00:53]} Nxc5 {[%emt 0:00:11]} 23. Rxc5 {[%emt 0:00:02]} Qe7 {[%emt 0:00:10]} 24. Qb6 {[%emt 0:03:07]} Nd7 {[%emt 0:01:30]} 25. Nxd7 {[%emt 0:00:56]} Qxd7 {[%emt 0:00:02]} 26. Qb5 {[%emt 0:00:13]} Qd6 {[%emt 0:00:17]} 27. e5 {[%emt 0:00:54]} Qe7 {[%emt 0:00:28]} 28. Ne4 {[%emt 0:00:18]} Rfd8 {[%emt 0:00:39]} 29. Nd6 {[%emt 0:03:34]} b6 {[%emt 0:04:34]} 30. Rc6 {[%emt 0:00:12]} Qa7 {[%emt 0:00:08]} 31. Rdc1 {[%emt 0:00:32]} Bf8 {[%emt 0:00:33]} 32. d5 {[%emt 0:02:01]} Bxd6 {[%emt 0:02:17]} 33. Rxd6 {[%emt 0:00:18]} exd5 {[%emt 0:00:34]} 34. Qxd5 {[%emt 0:00:25]} Qe7 {[%emt 0:02:03]} 35. Rcc6 {[%emt 0:00:50]} Rxd6 {[%emt 0:02:20]} 36. exd6 {[%emt 0:00:10]} Qe6 {[%emt 0:00:31]} 1-0

[Event "Vienna Chess Open 2019"]
[Site "Vienna"]
[Date "2019.08.18"]
[Round "3.10"]
[White "Barp, Alberto"]
[Black "Belous, Mikhail"]
[Result "1/2-1/2"]
[WhiteElo "2411"]
[BlackElo "2308"]
[Annotator "TA"]
[PlyCount "61"]
[EventDate "2019.08.17"]
[EventType "swiss"]
[EventCountry "AUT"]
[SourceTitle "playchess.com"]
[Source "ChessBase"]
[SourceQuality "1"]

{[%evp 17,61,35,22,31,17,29,32,51,50,42,77,79,79,77,74,40,68,68,67,66,61,40,99,90,111,62,70,68,90,0,0,0,0,0,0,0,0,0,0,-3,0,-5,0,-6,0,0]} 1. d4 Nf6 2. c4 g6 3. g3 Bg7 4. Bg2 O-O 5. Nc3 d6 6. Nf3 Nc6 7. O-O e5 8. dxe5 dxe5 9. Bg5 Be6 10. Qc1 {E62: King's Indian: Fianchetto: 6...c6 and Panno Variation (6...Nc6) without ...a6} (10. Qa4 Qb8 11. Bxf6 Bxf6 12. Nd2 Bg7 13. Rfd1 Rd8 14. Nb3 Nd4 15. Nc5 c6 16. e3 Bg4 17. exd4 exd4 18. N3e4 Bxd1 19. Rxd1 {1-0 (32) Carlsen,M (2835)-Firouzja,A (2607) St Petersburg 2018}) 10... Qc8 11. Rd1 Nd7 12. b3 {White is slightly better.} f6 13. Bh6 {[#]} Ne7 $146 ({Predecessor:} 13... Rf7 14. Bxg7 Kxg7 15. Nd2 Qf8 16. Bxc6 bxc6 17. Nf3 Qc5 {1-0 (50) Yuffa,D (2521)-Onischuk,V (2632) Batumi 2018}) 14. Bxg7 Kxg7 15. Qa3 Rf7 16. Nd5 Nxd5 17. cxd5 Bg4 18. Rac1 Nb6 19. Rc5 Qd7 {[#]} (19... Qd8 $14) 20. Rdc1 $1 $16 Qd6 21. Qb4 Bxf3 22. Bxf3 Rd8 23. a4 ({White should try} 23. Qc3 $16) 23... Nd7 $11 {The position is equal.} 24. R5c4 Nb6 25. Qxd6 cxd6 26. Rc7 a5 27. e4 Rdd7 28. R7c2 Rd8 29. Rc7 Rdd7 30. R7c2 Rd8 31. Rc7 {Accuracy: White = 70%, Black = 65%.} 1/2-1/2

[Event "Vienna Chess Open 2019"]
[Site "Vienna"]
[Date "2019.08.18"]
[Round "3.10"]
[White "Losonczi, Marcell"]
[Black "Valsecchi, Alessio"]
[Result "0-1"]
[WhiteElo "2276"]
[BlackElo "2494"]
[Annotator "ChessBase"]
[PlyCount "60"]
[EventDate "2019.08.17"]
[EventType "swiss"]
[EventCountry "AUT"]
[SourceTitle "playchess.com"]
[Source "ChessBase"]
[SourceQuality "1"]
[TimeControl "40/5400+30:1800+30"]

1. e4 {[%emt 0:00:00]} e5 {[%emt 0:00:44]} 2. Nf3 {[%emt 0:00:00]} Nc6 {[%emt 0:00:05]} 3. Bb5 {[%emt 0:00:00]} a6 {[%emt 0:00:07]} 4. Ba4 {[%emt 0:00:00]} Nf6 {[%emt 0:00:07]} 5. O-O {[%emt 0:00:11]} Be7 {[%emt 0:00:19]} 6. Re1 {[%emt 0:00:12]} b5 {[%emt 0:00:07]} 7. Bb3 {[%emt 0:00:16]} O-O {[%emt 0:00:18]} 8. a4 {[%emt 0:00:27]} b4 {[%emt 0:00:22]} 9. d3 {[%emt 0:00:19]} d6 {[%emt 0:00:12]} 10. Nbd2 {[%emt 0:00:13]} Na5 {[%emt 0:00:33]} 11. Ba2 {[%emt 0:01:31]} c5 {[%emt 0:00:09]} 12. Nc4 {[%emt 0:01:43]} Nc6 {[%emt 0:00:09]} 13. c3 {[%emt 0:03:22]} Rb8 {[%emt 0:02:07]} 14. Ne3 {[%emt 0:18:06]} Be6 {[%emt 0:02:45]} 15. Nd5 {[%emt 0:07:10]} Bxd5 {[%emt 0:02:18]} 16. Bxd5 {[%emt 0:00:23]} Nxd5 {[%emt 0:00:23]} 17. exd5 {[%emt 0:00:07]} Na5 {[%emt 0:00:35]} 18. d4 {[%emt 0:05:05]} exd4 {[%emt 0:02:59]} 19. cxd4 {[%emt 0:01:04]} c4 {[%emt 0:00:17]} 20. Nd2 {[%emt 0:09:35]} Re8 {[%emt 0:01:20]} 21. Ne4 {[%emt 0:01:09]} Nb3 {[%emt 0:08:59]} 22. Rb1 {[%emt 0:01:14]} Qa5 {[%emt 0:01:08]} 23. Qh5 {[%emt 0:10:05]} g6 {[%emt 0:00:53]} 24. Qf3 {[%emt 0:02:30]} f5 {[%emt 0:07:12]} 25. Ng3 {[%emt 0:14:20]} Nxd4 {[%emt 0:00:41]} 26. Qd1 {[%emt 0:01:58]} Bf6 {[%emt 0:01:13]} 27. Be3 {[%emt 0:00:50]} Qxd5 {[%emt 0:01:35]} 28. Qd2 {[%emt 0:02:36]} c3 {[%emt 0:01:00]} 29. bxc3 {[%emt 0:00:05]} bxc3 {[%emt 0:00:06]} 30. Rxb8 {[%emt 0:00:04]} Rxb8 {[%emt 0:00:18]} 0-1

[Event "Vienna Chess Open 2019"]
[Site "Vienna"]
[Date "2019.08.18"]
[Round "3.11"]
[White "Vardaan Nagpal"]
[Black "Blohberger, Felix"]
[Result "1/2-1/2"]
[WhiteElo "2343"]
[BlackElo "2467"]
[Annotator "TA"]
[PlyCount "58"]
[EventDate "2019.08.17"]
[EventType "swiss"]
[EventCountry "AUT"]
[SourceTitle "playchess.com"]
[Source "ChessBase"]
[SourceQuality "1"]

{[%evp 9,58,18,18,19,23,22,20,20,20,12,19,9,37,10,18,11,12,9,0,0,0,2,29,-18,4,-3,11,-39,14,5,7,3,15,5,6,8,4,4,48,2,41,48,47,58,58,48,54,0,52,0,53]} 1. c4 e5 2. Nc3 Bb4 3. Nd5 Bc5 4. Nf3 c6 5. Nc3 d6 6. e3 {A21: English Opening: 1...e5 2 Nc3} (6. d4 exd4 7. Nxd4 Nf6 8. a3 d5 9. cxd5 Nxd5 10. Nb3 Bb6 11. Nxd5 cxd5 12. g3 Nc6 {1-0 (41) So,W (2765)-Saric,I (2690) chess.com INT 2019}) 6... Nd7 7. d4 $146 ({Predecessor:} 7. b3 Ngf6 8. Bb2 O-O 9. Be2 Re8 10. d3 Bb4 11. a3 Ba5 12. O-O Bc7 {0-1 (59) Admiraal,M (2516)-Esipenko,A (2616) Karlsruhe 2019}) 7... Bb6 8. Be2 Ngf6 9. O-O O-O 10. b4 Re8 11. dxe5 dxe5 12. Bb2 e4 13. Nd2 Qe7 14. c5 Bc7 15. Qc2 Nf8 16. Rfe1 h5 17. Rad1 Bg4 18. Nf1 Rad8 (18... Bf5 $15) 19. Rxd8 Rxd8 20. Rd1 Bf5 21. Rxd8 Qxd8 22. Qd1 Qxd1 23. Bxd1 h4 24. h3 N8d7 25. Nd2 Bh7 26. Bc2 {[%cal Rd2e4]} Be5 27. Nc4 Bc7 $1 28. Nd2 {[%cal Rd2e4]} Be5 29. Nc4 Bc7 $1 {Accuracy: White = 57%, Black = 57%.} 1/2-1/2

[Event "Vienna Chess Open 2019"]
[Site "Vienna"]
[Date "2019.08.18"]
[Round "3.11"]
[White "Hecht, Carsten"]
[Black "Pfreundt, Jakob"]
[Result "0-1"]
[WhiteElo "2300"]
[BlackElo "2410"]
[Annotator "TA"]
[PlyCount "46"]
[EventDate "2019.08.17"]
[EventType "swiss"]
[EventCountry "AUT"]
[SourceTitle "playchess.com"]
[Source "ChessBase"]
[SourceQuality "1"]

{[%evp 20,54,-57,-52,-39,-41,-22,-43,-38,-83,-66,-75,-69,-89,-64,-79,-64,-67,-54,-95,-87,-75,-82,-120,-122,-100,-96,-105,-83,-90,-94,-111,-56,-62,-47,-50,-51]} 1. e4 c5 2. Nf3 e6 3. d4 cxd4 4. Nxd4 Nc6 5. Nc3 d6 6. Be3 Nf6 7. Be2 Be7 8. O-O O-O 9. f4 e5 10. Nf5 Bxf5 11. exf5 exf4 {B83: Sicilian Scheveningen: 6 Be2, lines without ...a6} 12. Bxf4 d5 13. Bd3 $146 ({Predecessor:} 13. Bf3 d4 14. Ne4 {½-½ (14) Abdulov,O (2350)-Lin,C (2468) Albena 2015}) 13... Bd6 14. Bxd6 Qxd6 15. Kh1 Rfe8 16. Qd2 Re5 17. Rae1 Rae8 18. Rxe5 Rxe5 19. Re1 Ng4 {[#] ( -> ...Rxe1+)} 20. g3 d4 21. Nd1 Qd5+ 22. Kg1 h5 23. h3 Nf6 {Played: Ng4-e3} 0-1

[Event "Vienna Chess Open 2019"]
[Site "Vienna"]
[Date "2019.08.18"]
[Round "3.11"]
[White "Schiffer, Stefan"]
[Black "Schreiner, Peter"]
[Result "1/2-1/2"]
[WhiteElo "2272"]
[BlackElo "2481"]
[Annotator "TA"]
[PlyCount "123"]
[EventDate "2019.08.17"]
[EventType "swiss"]
[EventCountry "AUT"]
[SourceTitle "playchess.com"]
[Source "ChessBase"]
[SourceQuality "1"]

{[%evp 21,123,18,25,7,27,-12,-12,-26,-11,-25,0,-12,0,-2,-7,-156,-156,-177,0,0,-2,-2,-2,-2,-2,0,-1,0,0,-21,0,0,0,0,0,-26,-26,-109,-117,-110,-106,-107,-107,-95,-96,-102,-104,-104,-102,-112,-102,-102,-99,-114,-97,-103,-98,-109,-104,-108,-91,-107,-90,-100,-39,-39,-39,-39,-39,-73,-39,-39,0,-89,-39,-47,-47,-47,-47,-47,-47,-47,-47,-47,-47,-47,-47,-47,-47,-47,0,-47,-47,-47,-47,-47,-47,-47,-47,-47,-47,-47,0,0]} 1. d4 Nf6 2. c4 g6 3. Nf3 Bg7 4. Nc3 d5 5. Qb3 dxc4 6. Qxc4 O-O 7. e4 Na6 8. Be2 c5 9. d5 e6 10. O-O exd5 11. exd5 Bf5 12. Bg5 {D97: Grünfeld: Russian System: 7 e4, replies other than 7...Bg4} (12. Be3 Qb6 13. h3 Rfe8 14. g4 Bd7 15. Rad1 Rac8 16. d6 Be6 17. Qb5 Nb4 18. Ng5 Bd7 19. Qc4 Rf8 20. Rd2 h6 {½-½ (32) Morozevich,A (2683)-Gelfand,B (2735) Zuerich 2016}) 12... h6 13. Bh4 Qb6 14. Na4 Qa5 15. Rac1 g5 $146 ({Predecessor:} 15... Rfe8 16. Nc3 Ne4 17. Rfe1 Nd6 18. Qf4 {0-1 (31) Makhnyov,D (1800)-Lozhnikov,V (2304) Astana 2012}) 16. Bg3 Ne4 17. Rfd1 Rad8 18. b3 {[#]} (18. Nc3 $11 {keeps the balance.} Qb4 19. Nxe4 Bxe4 20. d6) 18... Nb4 $1 $17 19. Nxc5 Nxc5 $2 ({Black should try} 19... Rc8 $19 {[%cal Rc8c5]} 20. Nxb7 Qa3) 20. Qxc5 $11 Qxc5 21. Rxc5 b6 22. Rc4 $1 {[%cal Rc4b4]} Nxd5 {[#] ...Nc3 is the strong threat.} 23. Nd4 Nc3 24. Rxc3 Bxd4 25. Rc4 Bb2 26. h3 Rxd1+ 27. Bxd1 Rd8 28. Bg4 Bb1 29. Bc7 (29. Rc7 $11 {remains equal.}) 29... Rd2 $17 30. Ra4 Bd4 31. Rxa7 Bxf2+ 32. Kh2 Rxa2 ({Don't blunder} 32... Bxa2 $2 33. Be5 $18) 33. Rxa2 Bxa2 {[%mdl 4096] Endgame KBB-KBB} 34. Bd1 Bb1 35. Bf3 Bd4 36. g4 Kg7 37. Bd5 Bc2 38. Kg2 f5 39. gxf5 Bxf5 40. Bd8 Kg6 41. Kg3 Bc2 42. h4 Kf5 (42... gxh4+ $17 43. Kxh4 Kf5) 43. hxg5 $15 hxg5 44. Bg8 {Hoping for Bh7+.} Kg6 45. Be6 Bc5 46. Bc4 Bd4 47. Be6 Bd1 48. Bc4 Be3 49. Be6 b5 {[%cal Bb6b5,Bb5b4][%mdl 32]} 50. Bd7 b4 51. Be7 Bf4+ 52. Kf2 Bd2 {And now ...Kf7 would win.} 53. Be6 Kh5 54. Kg2 Be2 55. Kf2 Bd1 (55... Bd3 {seems wilder.} 56. Kf3 Kg6 57. Kg4 Bc2 58. Kf3 Bc3) 56. Kg2 Bc2 57. Kh3 Kg6 58. Kg4 Bd1+ 59. Kh3 Be1 60. Bd8 Bf3 61. Be7 Kg7 62. Bxg5 {Accuracy: White = 62%, Black = 60%.} 1/2-1/2

[Event "Vienna Chess Open 2019"]
[Site "Vienna"]
[Date "2019.08.18"]
[Round "3.12"]
[White "Gschnitzer, Adrian"]
[Black "Dappiano, Andrea"]
[Result "1/2-1/2"]
[WhiteElo "2410"]
[BlackElo "2289"]
[Annotator "TA"]
[PlyCount "87"]
[EventDate "2019.08.17"]
[EventType "swiss"]
[EventCountry "AUT"]
[SourceTitle "playchess.com"]
[Source "ChessBase"]
[SourceQuality "1"]

{[%evp 10,87,23,23,19,17,17,17,26,20,30,25,16,17,31,0,10,0,28,0,40,27,52,0,0,14,22,5,14,9,9,0,36,-22,-20,-90,-83,-148,-148,-137,-143,-145,-133,-133,-139,-132,-94,-128,-121,-117,-123,-169,-181,-318,-77,-82,-80,-64,-20,-20,0,0,0,0,0,0,0,0,0,0,0,0,0,0,0,0,0,0,0,0]} 1. e4 e6 2. d4 d5 3. Nd2 c5 4. exd5 Qxd5 5. Ngf3 cxd4 6. Bc4 Qd7 {C07: French Tarrasch: 3...c5, 4 Ngf3 and 4 exd5 Qxd5} (6... Qd6 7. O-O Nf6 8. Nb3 Nc6 9. Nbxd4 Nxd4 10. Nxd4 a6 11. Re1 Qc7 12. Bf1 Be7 13. Qf3 O-O 14. Bf4 Bd6 15. Bxd6 Qxd6 16. Rad1 Qc7 17. c4 Rb8 18. Qg3 Qxg3 19. hxg3 Bd7 {½-½ (61) Karjakin,S (2773)-Duda,J (2737) chess.com INT 2018}) 7. O-O Nc6 8. Nb3 {[%cal Rb3d4]} a6 9. Nbxd4 Nxd4 10. Nxd4 Qc7 11. Bb3 Bd6 12. Re1 Ne7 13. Qh5 O-O 14. c3 e5 $146 15. Nf3 Bf5 16. Nh4 Bd3 17. Be3 e4 18. Kh1 Bc4 19. Bxc4 Qxc4 20. Rad1 Rad8 21. Rd4 (21. Nf5 $14 Nxf5 22. Qxf5) 21... Qe6 $11 22. Red1 (22. Bg5 $1 $11 {remains equal.}) 22... g6 23. Qe2 (23. Qh6 $142) 23... Nc6 $40 {[%mdl 128] Black attacks with force.} 24. R4d2 Be7 {aiming for ...Rxd2.} 25. g3 Bxh4 26. gxh4 Rxd2 27. Bxd2 Rd8 {And now ...Qd5 would win.} 28. Bh6 Rxd1+ 29. Qxd1 Qh3 30. Bg5 {[#]} h6 $1 {[%mdl 512]} 31. Bxh6 {[#]} (31. Bf4 $142) 31... Qxh4 $2 (31... Ne5 $1 $19 {[%cal Re5g4] is more deadly.} 32. Qe2 {[#]} Nf3 $1 {[%mdl 512]}) 32. Be3 Ne5 33. Kg2 Nf3 {Black wants to play ...Qg4+.} 34. h3 {The position is equal.} Qh5 35. Qd8+ Kh7 36. Qd7 Nh4+ 37. Kg3 Nf5+ 38. Kh2 Nxe3 39. Qxf7+ Kh8 $1 {Hoping for ...Qe5+.} 40. Qe8+ Kh7 {...Nf5 is the strong threat.} 41. Qd7+ Kg8 $1 ({Of course not} 41... Kh6 42. Qd2 $16) 42. Qd8+ Kh7 {Threatens to win with ...Qe5+.} 43. Qc7+ Kg8 {White must now prevent ...Nd5.} 44. Qd8+ {Accuracy: White = 43%, Black = 66%.} 1/2-1/2

[Event "Vienna Chess Open 2019"]
[Site "Vienna"]
[Date "2019.08.18"]
[Round "3.12"]
[White "Zamengo, Fulvio"]
[Black "Abdumalik, Zhansaya"]
[Result "1/2-1/2"]
[WhiteElo "2342"]
[BlackElo "2457"]
[Annotator "TA"]
[PlyCount "66"]
[EventDate "2019.08.17"]
[EventType "swiss"]
[EventCountry "AUT"]
[SourceTitle "playchess.com"]
[Source "ChessBase"]
[SourceQuality "1"]

{[%evp 16,66,18,8,18,16,20,15,18,17,20,0,9,0,0,-18,-12,-6,9,-17,0,0,0,-16,0,-24,0,0,-13,-14,56,43,39,33,53,43,37,30,76,77,78,29,22,29,39,36,48,43,31,0,22,0,41]} 1. e4 e5 2. Nf3 Nc6 3. Bb5 a6 4. Ba4 Nf6 5. O-O Be7 6. d3 b5 7. Bb3 O-O 8. Nc3 d6 9. a3 Bb7 {C77: Ruy Lopez: 3...a6 4 Ba4 Nf6, unusual lines} (9... Bg4 10. Be3 Nd4 11. Bxd4 exd4 12. Nd5 Nd7 13. h3 Bxf3 14. Qxf3 c6 15. Nf4 Nc5 16. Ba2 a5 17. Qg4 Kh8 18. Ne2 {1-0 (48) Caruana,F (2828)-Postny,E (2623) chess.com INT 2019}) 10. Nd5 Nxd5 11. Bxd5 Qc8 12. Re1 Nb8 $146 {[%cal Bc6b8,Bb8d7,Bd7f8,Bf8e6][%mdl 32]} ({Predecessor:} 12... Bf6 13. c3 Ne7 14. Bxb7 Qxb7 15. d4 c5 16. Be3 cxd4 17. cxd4 Qxe4 18. dxe5 dxe5 19. Bd4 Qb7 20. Bxe5 Rfd8 21. Qb3 Qd5 22. Qxd5 {½-½ (22) Kovacevic,A (2522)-Gonda,L (2490) Hungary 2017}) 13. Bxb7 Qxb7 14. c3 c5 15. d4 Nd7 16. a4 h6 17. Qe2 Rfe8 18. dxe5 dxe5 19. b3 Rec8 20. Nd2 Nf8 21. Nf1 Ne6 22. Qg4 Bg5 (22... c4 $11 23. bxc4 Rxc4) 23. Bxg5 $14 Nxg5 24. h4 Nh7 25. Qf5 Re8 26. Red1 {[#] Strongly threatening Rd7.} Qe7 27. Rd7 Qf6 28. Ne3 Qxf5 29. exf5 Nf6 30. Rc7 Rec8 31. Re7 Re8 32. Rc7 Rec8 $1 {[%cal Rc8c7]} 33. Re7 Re8 {Accuracy: White = 45%, Black = 58%.} 1/2-1/2

[Event "Vienna Chess Open 2019"]
[Site "Vienna"]
[Date "2019.08.18"]
[Round "3.12"]
[White "Pruefer, Friedbert"]
[Black "Diermair, Andreas"]
[Result "1/2-1/2"]
[WhiteElo "2254"]
[BlackElo "2473"]
[Annotator "TA"]
[PlyCount "99"]
[EventDate "2019.08.17"]
[EventType "swiss"]
[EventCountry "AUT"]
[SourceTitle "playchess.com"]
[Source "ChessBase"]
[SourceQuality "1"]

{[%evp 10,99,28,13,37,6,9,10,20,17,9,2,8,0,9,0,0,0,24,26,35,36,29,8,8,5,6,4,15,0,0,0,0,-4,8,-31,-6,-6,-6,-6,-12,-21,-20,-36,-31,-35,-33,-55,-33,-31,-24,-29,0,-48,-30,-36,-35,-35,-35,-35,-35,-38,-36,-28,-8,-44,-42,-66,-66,-66,-60,-66,-66,-66,-28,-125,-121,-98,-124,-187,-154,-171,-181,-163,0,0,0,0,0,0,0,-8]} 1. d4 Nf6 2. Bg5 e6 3. e4 h6 4. Bxf6 Qxf6 5. c3 c5 6. Nf3 d5 {A46: 1 d4 Nf6 2 Nf3 e6: Torre, London and Colle Systems} 7. Nbd2 cxd4 8. Nxd4 Nc6 (8... Bc5 {with more complications.} 9. N2b3 Bxd4 10. Nxd4 Nc6 11. exd5 Nxd4 12. Qxd4 Qxd4 13. cxd4 exd5 14. Rc1 Kd7) 9. Bb5 Bd7 10. O-O Be7 11. exd5 exd5 12. Qf3 $146 ({Predecessor:} 12. N2f3 O-O 13. Re1 Bd6 14. h3 {½-½ (23) Sokolov,A (2583)-Short,N (2684) playchess.com INT 2004}) 12... a6 13. Ba4 Qg5 14. Qd3 O-O 15. N2f3 Qf6 16. Bc2 {[%csl Gc2][%cal Rd3h7] [#]} g6 17. Rfe1 Rfe8 18. Qd2 Bf8 19. Rxe8 (19. Bb3 {looks sharper.} Nxd4 20. Nxd4 Bc6 21. Nf3 Bg7 22. Rxe8+ Rxe8 23. Rd1) 19... Rxe8 20. Re1 Rxe1+ 21. Qxe1 Bg7 {[%cal Rc6d4]} 22. Qe2 Qf4 {[%cal Rc6d4]} 23. Qe3 Qxe3 24. fxe3 Na5 25. b3 Kf8 26. e4 dxe4 27. Bxe4 Ke7 28. b4 Nc6 29. Kf2 Kd6 30. Ke3 f5 {Threatens to win with ...Nxd4.} 31. Bd3 (31. Bxc6 $5 Bxc6 32. Nxc6 Kxc6 33. c4 $11) 31... Ne7 32. c4 Nc6 33. Nxc6 Kxc6 $15 {[%mdl 4096] Endgame KBB-KBN} 34. Nd4+ Kd6 35. g3 Bf6 36. Be2 b6 37. Kd3 h5 38. Bf3 h4 39. gxh4 Bxh4 40. Bb7 a5 41. Nb5+ Ke5 42. bxa5 (42. Nd4 $11 Kd6 43. Nb5+ Bxb5 44. cxb5) 42... bxa5 $17 43. Nd4 {Nf3+ is the strong threat.} Kd6 44. Bf3 (44. Ba6 $17) 44... Bf2 45. Bd5 g5 46. h3 Bg3 $2 (46... a4 $19 47. Nf3 g4) 47. Bc6 $1 $11 {The position is equal.} Bc8 48. Bb7 $1 {[%cal Rb7c8]} Bd7 {[#]} 49. Bc6 $1 {[%cal Rc6d7][%mdl 512]} Bc8 {Black wants to play ...Be5.} (49... Bxc6 50. Nxf5+) 50. Bb7 $1 {Accuracy: White = 47%, Black = 61%.} 1/2-1/2